[Event "Caissa Guatemala Online"]
[Site "Chess.com INT"]
[Date "2021.01.23"]
[Round "4"]
[White "Linares Orellana, Hector Jose"]
[Black "Garcia, Fiorella"]
[Result "1-0"]
[WhiteElo "1178"]
[BlackElo "1385"]
[PlyCount "40"]
[EventDate "2021.01.23"]
[EventType "swiss (blitz)"]
[EventRounds "7"]
[EventCountry "GUA"]
[SourceTitle "CBM 200 Extra"]
[Source "ChessBase"]
[SourceDate "2021.03.31"]
[SourceVersion "1"]
[SourceVersionDate "2021.03.31"]
[SourceQuality "1"]

1. e4 e5 2. Nf3 Nc6 3. Bc4 Nf6 4. d3 Bc5 5. 0-0 0-0 6. Bg5 d6 7. h3 h6 8. Bh4 Be6 9. Bb3 g5 10. Bg3 Bxb3 11. axb3 Nh5 12. Bh2 Nf4 13. Bxf4 exf4 14. d4 Bb6 15. Nc3 Re8 16. Re1 Ba5 17. d5 Ne5 18. Rxa5 c6 19. Ra1 Nxf3+ 20. Qxf3 cxd5 1-0